[Event "Calcutta op"]
[Site "Calcutta"]
[Date "1994.??.??"]
[Round "11"]
[White "Tiviakov, Sergei"]
[Black "Norwood, David"]
[Result "1/2-1/2"]
[WhiteElo "2630"]
[BlackElo "2525"]
[PlyCount "29"]
[EventDate "1994.02.??"]
[Source "ChessBase"]

1. e4 g6 2. d4 d6 3. c3 Bg7 4. Nf3 Nf6 5. Bd3 O-O 6. O-O Nbd7 7. Bg5 e5 8. Nbd2 h6 9. Bh4 b6 10. Re1 Bb7 11. dxe5 dxe5 12. b4 a5 13. Nc4 Qe7 14. Qb3 Qe6 15. Bg3 1/2-1/2

[Event "Warsaw zt-B"]
[Site "Warsaw"]
[Date "1979.??.??"]
[Round "6"]
[White "Smejkal, Jan"]
[Black "Sax, Gyula"]
[Result "1/2-1/2"]
[WhiteElo "2550"]
[BlackElo "2590"]
[PlyCount "21"]
[EventDate "1979.01.??"]
[Source "ChessBase"]

1. Nf3 g6 2. e4 Bg7 3. d4 d6 4. c3 Nf6 5. Nbd2 O-O 6. Be2 Nc6 7. O-O e5 8. dxe5 Nxe5 9. Nxe5 dxe5 10. Qc2 Qe7 11. a4 1/2-1/2

[Event "FRA-chT"]
[Site "FRA"]
[Date "1998.02.06"]
[Round "1"]
[White "Magem Badals, Jordi"]
[Black "Dorfman, Josif D"]
[Result "1-0"]
[WhiteElo "2535"]
[BlackElo "2600"]
[PlyCount "91"]
[EventDate "1998.02.06"]
[Source "ChessBase"]
[SourceDate "1998.07.07"]

1. e4 g6 2. d4 Bg7 3. Nf3 d6 4. c3 Nf6 5. Bd3 O-O 6. O-O Nc6 7. Re1 e5 8. h3 Re8 9. d5 Nb8 10. c4 c5 11. Nc3 Nh5 12. Bg5 Bf6 13. Be3 Na6 14. a3 Nf4 15. Bc2 Kh8 16. Rb1 g5 17. Nh2 Rg8 18. Ne2 Nxe2+ 19. Qxe2 Bd7 20. b4 b6 21. Bd1 Rc8 22. Qd3 Be7 23. Bg4 Rc7 24. Bxd7 Qxd7 25. b5 Nb8 26. Bd2 Qc8 27. Ng4 Rg6 28. Ne3 a5 29. bxa6 Qxa6 30. Nf5 Bf8 31. a4 Nd7 32. a5 bxa5 33. Rb5 a4 34. Ra5 Qc8 35. Rxa4 g4 36. hxg4 Rxg4 37. f3 Rg6 38. Rea1 Rb7 39. Ra8 Rb8 40. Qa3 h5 41. Rxb8 Qxb8 42. Qa2 Kh7 43. Rb1 Qe8 44. Rb7 Be7 45. Kh1 Bd8 46. Qa4 1-0

[Event "It Ischia ITA"]
[Site "?"]
[Date "1996.??.??"]
[Round "?"]
[White "Godena Michele"]
[Black "Khalifman Alexander"]
[Result "0-1"]
[WhiteElo "2485"]
[BlackElo "2650"]
[PlyCount "74"]
[EventDate "1996.??.??"]
[Source "www.chesslib.no"]
[SourceDate "2004.05.04"]

1. e4 g6 2. d4 Bg7 3. Nf3 d6 4. c3 Nf6 5. Bd3 O-O 6. O-O Nc6 7. Re1 e5 8. h3 h6 9. Na3 Nd7 10. Bb5 Ne7 11. dxe5 dxe5 12. Be3 a6 13. Bf1 b6 14. Bc1 Kh7 15. Bd2 Ng8 16. Rb1 Qe8 17. Bg5 Ra7 18. b3 Nb8 19. Qd6 Nf6 20. Qb4 Nd5 21. Bxa6 Nd7 22. Nc2 Nb8 23. a4 Bd7 24. Bd3 Ra5 25. Bf1 b5 26. Re2 Ra8 27. exd5 c6 28. Rb2 Be6 29. Kh1 Rxa4 30. Re3 Bxd5 31. Bxb5 Rg8 32. Qg4 Qd7 33. Bc4 Re8 34. g3 Qc8 35. Rxe5 Re7 36. Qf4 c5 37. Na1 Bxf3+ 0-1

[Event "Pamplona 9th"]
[Site "Pamplona"]
[Date "1999.01.04"]
[Round "8"]
[White "De la Riva Aguado, Oscar"]
[Black "Morozevich, Alexander"]
[Result "0-1"]
[WhiteElo "2510"]
[BlackElo "2625"]
[PlyCount "68"]
[EventDate "1998.12.27"]
[Source "ChessBase"]
[SourceDate "1999.04.01"]

1. e4 g6 2. d4 Bg7 3. Nf3 d6 4. c3 Nf6 5. Bd3 O-O 6. O-O c5 7. h3 d5 8. e5 Ne4 9. Re1 Bf5 10. Nh4 cxd4 11. Nxf5 gxf5 12. cxd4 Qb6 13. Bxe4 dxe4 14. Nc3 Nc6 15. Qh5 Nxd4 16. Be3 Bxe5 17. Bxd4 Bxd4 18. Qxf5 e6 19. Qg5+ Kh8 20. Rxe4 f5 21. Re2 Rg8 22. Qf4 Rad8 23. Qf3 e5 24. Qxf5 Rdf8 25. Qe4 Bxf2+ 26. Kh1 Bd4 27. Rd1 Rf4 28. Qd3 Qf6 29. Rc2 Qh4 30. Nd5 Rff8 31. Rc7 Rd8 32. Nf6 e4 33. Qxe4 Bxf6 34. Rxd8 Qxe4 0-1

[Event "Bad Homburg"]
[Site "Bad Homburg"]
[Date "1997.07.28"]
[Round "3"]
[White "Kindermann, Stefan"]
[Black "Hickl, Joerg"]
[Result "1/2-1/2"]
[WhiteElo "2570"]
[BlackElo "2565"]
[PlyCount "44"]
[EventDate "1997.07.26"]
[Source "ChessBase"]
[SourceDate "1997.10.13"]

1. e4 g6 2. d4 d6 3. Nf3 Bg7 4. c3 Nf6 5. Bd3 O-O 6. O-O Nc6 7. Re1 e5 8. h3 Nd7 9. Bg5 f6 10. Bh4 Qe7 11. Na3 Nd8 12. Nc4 Nf7 13. b4 c6 14. a4 Re8 15. b5 Nf8 16. Rb1 Qc7 17. Qb3 Be6 18. bxc6 bxc6 19. dxe5 dxe5 20. Qc2 Nd7 21. Nfd2 Nc5 22. Bf1 Rab8 1/2-1/2

[Event "MK Cafe Cup-A"]
[Site "Koszalin"]
[Date "1999.08.13"]
[Round "10"]
[White "Eingorn, Vereslav S"]
[Black "Degraeve, Jean Marc"]
[Result "1-0"]
[WhiteElo "2589"]
[BlackElo "2542"]
[PlyCount "113"]
[EventDate "1999.08.03"]
[Source "ChessBase"]
[SourceDate "1999.12.01"]

1. d4 g6 2. e4 Bg7 3. Nf3 d6 4. c3 Nf6 5. Bd3 O-O 6. O-O c5 7. Re1 cxd4 8. cxd4 Bg4 9. Nbd2 Nc6 10. h3 Bxf3 11. Nxf3 Nd7 12. Be3 e5 13. Bc4 Nb6 14. Bb5 Nxd4 15. Nxd4 exd4 16. Bxd4 Bxd4 17. Qxd4 Qg5 18. a4 Rfd8 19. Rac1 Rac8 20. Rxc8 Nxc8 21. Rd1 Qe7 22. Rd3 Rf8 23. Rc3 Qe5 24. Qxe5 dxe5 25. Rd3 Kg7 26. Rd7 a6 27. Bf1 Nb6 28. Rxb7 Nxa4 29. b4 Nc3 30. f3 Nb5 31. Bxb5 axb5 32. Rxb5 Kf6 33. Rc5 Rb8 34. b5 Ra8 35. Rc1 Rb8 36. Rb1 Ke6 37. Kf2 f6 38. h4 Rb6 39. h5 gxh5 40. Kg3 Kf7 41. Kh4 Kg6 42. Rb3 f5 43. exf5+ Kxf5 44. Rb4 Kg6 45. Kg3 Kf5 46. Kf2 e4 47. fxe4+ Kf4 48. Kg1 h4 49. Kh2 Kg4 50. Rb3 Kf4 51. Kh3 Kxe4 52. Kxh4 Kf5 53. Kh5 Kf4 54. g3+ Kf5 55. Rb4 Ke5 56. g4 h6 57. Rb1 1-0

[Event "Dortmund op-A"]
[Site "Dortmund"]
[Date "1992.??.??"]
[Round "9"]
[White "Ibragimov, Ildar"]
[Black "Azmaiparashvili, Zurab"]
[Result "0-1"]
[WhiteElo "2515"]
[BlackElo "2610"]
[PlyCount "70"]
[EventDate "1992.04.??"]
[Source "ChessBase"]

1. d4 d6 2. Nf3 g6 3. e4 Bg7 4. c3 Nf6 5. Bd3 O-O 6. Bg5 h6 7. Bh4 Bg4 8. Nbd2 Nh5 9. O-O Qd7 10. Re1 e5 11. h3 Nf4 12. Bf1 Bh5 13. dxe5 dxe5 14. g4 g5 15. gxh5 gxh4 16. Nxh4 Kh7 17. Nc4 Nxh3+ 18. Bxh3 Qxh3 19. Nf5 Bf6 20. Re3 Rg8+ 21. Rg3 Nc6 22. Qf3 Rxg3+ 23. fxg3 Rg8 24. Nce3 Nd8 25. Nd5 Bg5 26. Rf1 Ne6 27. Rf2 Bd8 28. Nde3 Ng5 29. Qe2 Nxe4 30. Rg2 Bg5 31. Ng4 Rd8 32. Rh2 Rd2 33. Qxd2 Qxg4 34. Qd7 Be3+ 35. Kg2 Qe2+ 0-1

[Event "Saint-Vincent 84/56"]
[Site "?"]
[Date "2002.??.??"]
[Round "?"]
[White "Dominguez, L."]
[Black "Chatalbashev, B."]
[Result "1-0"]
[WhiteElo "2594"]
[BlackElo "2529"]
[PlyCount "103"]
[EventDate "2002.??.??"]
[Source "Chess Informant"]
[SourceDate "2002.02.01"]

1. e4 g6 2. d4 Bg7 3. Nf3 d6 4. c3 Nf6 5. Bd3 O-O 6. O-O Nbd7 7. Re1 e5 8. Nbd2 b6 9. a4 a5 10. Bc2 Bb7 11. d5 Nh5 12. Nf1 Ndf6 13. b4 Nf4 14. bxa5 Rxa5 15. c4 Bc8 16. Ne3 Ng4 17. Bd2 Ra7 18. a5 bxa5 19. Rxa5 Rxa5 20. Bxa5 f5 21. Qb1 fxe4 22. Bxe4 Nf6 23. Bc2 Nd7 24. Nd2 Nc5 25. Ne4 Nxe4 26. Bxe4 Bf5 27. Nxf5 gxf5 28. Bxf5 Qg5 29. Be6+ Nxe6 30. dxe6 Qf6 31. Bxc7 Qxf2+ 32. Kh1 Qc5 33. e7 Re8 34. Qb5 Rxe7 35. Qb8+ Bf8 36. Bxd6 Qf2 37. Rg1 Re6 38. c5 e4 39. c6 Rxd6 40. c7 Rc6 41. c8=Q Rxc8 42. Qxc8 e3 43. Qc4+ Qf7 44. Qxf7+ Kxf7 45. Rf1+ Kg7 46. Re1 Bc5 47. g3 Kg6 48. Kg2 Bd4 49. Kf3 Bc5 50. Rc1 Bd4 51. Rc4 Ba7 52. Rc6+ 1-0

[Event "Wch U20"]
[Site "Yerevan"]
[Date "1999.09.27"]
[Round "10"]
[White "Aronian, Levon"]
[Black "Kasimdzhanov, Rustam"]
[Result "1/2-1/2"]
[WhiteElo "2518"]
[BlackElo "2603"]
[PlyCount "98"]
[EventDate "1999.09.18"]
[Source "ChessBase"]
[SourceDate "1999.11.18"]

1. Nf3 g6 2. e4 Bg7 3. d4 d6 4. c3 Nf6 5. Bd3 O-O 6. O-O c5 7. Nbd2 cxd4 8. cxd4 Nc6 9. h3 e5 10. d5 Ne7 11. a4 Nh5 12. Nc4 Nf6 13. Re1 Ne8 14. b3 h6 15. Ba3 f5 16. Qd2 fxe4 17. Bxe4 Bf5 18. Rad1 Rf7 19. Qb4 Nc8 20. Ne3 Qd7 21. Nxf5 gxf5 22. Bb1 Ne7 23. Nh2 Rd8 24. Nf1 f4 25. Nd2 Nxd5 26. Qa5 Nef6 27. Bf5 Qxf5 28. Qxd8+ Kh7 29. Nf3 e4 30. Nd4 Qg6 31. Qc8 e3 32. f3 Ne4 33. Ne2 Nd2 34. Qg4 Be5 35. Qxg6+ Kxg6 36. Bc1 Nc3 37. Nxc3 Bxc3 38. Bxd2 Bxd2 39. Rxd2 exd2 40. Rd1 Kf5 41. Rxd2 Ke5 42. Kf2 d5 43. g3 fxg3+ 44. Kxg3 d4 45. Re2+ Kd5 46. Re8 Rd7 47. Rc8 d3 48. Kf2 Ke5 49. Rc5+ Kf4 1/2-1/2

[Event "Hrvatska 85/61"]
[Site "?"]
[Date "2002.??.??"]
[Round "?"]
[White "Fedorov, Alex"]
[Black "Mohr, G."]
[Result "1-0"]
[WhiteElo "2598"]
[BlackElo "2523"]
[PlyCount "79"]
[EventDate "2002.??.??"]
[Source "Chess Informant"]
[SourceDate "2002.06.01"]

1. e4 g6 2. d4 Bg7 3. c3 d6 4. Nf3 Nf6 5. Bd3 O-O 6. O-O Nc6 7. d5 Nb8 8. c4 e5 9. Nc3 a5 10. a3 c5 11. Rb1 Na6 12. Bg5 h6 13. Bd2 Bg4 14. Be2 Kh7 15. Ng5+ hxg5 16. Bxg4 Nxg4 17. Qxg4 Bf6 18. g3 Kg7 19. Nd1 a4 20. Ne3 Qc8 21. Bc3 Be7 22. f4 Qxg4 23. Nxg4 gxf4 24. gxf4 f6 25. b3 exf4 26. bxa4 Ra7 27. Rxf4 Nb8 28. a5 Nd7 29. Rf2 Ne5 30. Nxe5 fxe5 31. Rfb2 Rfa8 32. Rxb7 Rxb7 33. Rxb7 Kf8 34. Rb6 Ke8 35. a6 Kd8 36. Kg2 Kc8 37. Kf3 Ra7 38. Kg4 Rd7 39. Bd2 Bd8 40. Rb7 1-0

[Event "Las Palmas3"]
[Site "Las Palmas"]
[Date "1993.??.??"]
[Round "4"]
[White "Smirin, Ilia"]
[Black "Todorcevic, Miodrag"]
[Result "1-0"]
[WhiteElo "2640"]
[BlackElo "2480"]
[PlyCount "79"]
[EventDate "1993.12.??"]
[Source "ChessBase"]

1. e4 g6 2. d4 Bg7 3. c3 d6 4. Nf3 Nf6 5. Bd3 O-O 6. O-O c5 7. h3 a6 8. Re1 Nc6 9. d5 Na7 10. a4 Bd7 11. a5 e5 12. c4 Nh5 13. Nc3 Nc8 14. Bd2 Nf4 15. Bf1 h6 16. Kh2 g5 17. Na4 f5 18. exf5 Bxf5 19. Bxf4 gxf4 20. Nc3 Ne7 21. Bd3 Rb8 22. Ra2 b6 23. axb6 Rxb6 24. Bxf5 Nxf5 25. Ne4 Qb8 26. Nfd2 Nd4 27. Qg4 Qc8 28. Nf6+ Kh8 29. Nd7 Nc2 30. Rd1 Nb4 31. Ra3 Rb7 32. Nxf8 Qxf8 33. Ne4 Rb6 34. Qd7 Nc2 35. Qc7 Qf5 36. f3 Rxb2 37. Rd2 Nxa3 38. Rxb2 Nxc4 39. Rb7 Qg6 40. Qd8+ 1-0

[Event "Chebanenco mem 1st"]
[Site "Kishinev"]
[Date "1998.02.16"]
[Round "8"]
[White "Fedorov, Alexei"]
[Black "Iordachescu, Viorel"]
[Result "1/2-1/2"]
[WhiteElo "2595"]
[BlackElo "2520"]
[PlyCount "84"]
[EventDate "1998.02.09"]
[Source "ChessBase"]
[SourceDate "1998.06.15"]

1. e4 g6 2. d4 Bg7 3. c3 d6 4. Nf3 Nf6 5. Bd3 O-O 6. O-O Nbd7 7. Re1 e5 8. Bg5 h6 9. Bh4 b6 10. Nbd2 Bb7 11. a4 a6 12. b4 Qe8 13. Qc2 Nh5 14. Bg3 Nxg3 15. hxg3 Qd8 16. Rad1 Re8 17. d5 Rf8 18. Nc4 Nf6 19. Ne3 h5 20. Ra1 Qd7 21. c4 c6 22. dxc6 Qxc6 23. a5 Rfc8 24. axb6 Qxb6 25. Rab1 Qa7 26. c5 dxc5 27. bxc5 Rc7 28. Nxe5 Re8 29. c6 Ba8 30. N3c4 Bxc6 31. Nxf7 Rxf7 32. Nd6 Rff8 33. Qxc6 Ng4 34. Bc4+ Kh8 35. Rf1 Rxf2 36. Qxe8+ Rf8+ 37. Kh1 Rxe8 38. Nf7+ Kh7 39. Ng5+ Kh8 40. Nf7+ Kh7 41. Ng5+ Kh6 42. Nf7+ Kh7 1/2-1/2

[Event "Villa Martelli"]
[Site "Villa Martelli"]
[Date "1997.06.04"]
[Round "4"]
[White "Hoffman, Alejandro"]
[Black "Ehlvest, Jaan"]
[Result "1/2-1/2"]
[WhiteElo "2480"]
[BlackElo "2635"]
[PlyCount "155"]
[EventDate "1997.06.01"]
[Source "ChessBase"]
[SourceDate "1997.10.13"]

1. d4 g6 2. e4 Bg7 3. c3 d6 4. Nf3 Nf6 5. Bd3 O-O 6. O-O Nbd7 7. h3 e5 8. Re1 b6 9. Nbd2 Bb7 10. Nf1 h6 11. Bd2 Re8 12. Ne3 Nh7 13. d5 c6 14. c4 h5 15. Bc2 cxd5 16. cxd5 a6 17. Nf1 Rf8 18. Ne3 Rc8 19. b4 Ndf6 20. a4 Bh6 21. Qb1 Ng5 22. Nxg5 Bxg5 23. Bd3 h4 24. Ra2 Nh5 25. Rc1 Bf4 26. Rac2 Qg5 27. Rc7 Rxc7 28. Rxc7 Bc8 29. Kf1 Ng3+ 30. Ke1 Nh1 31. Qc1 Bxh3 32. gxh3 Qg1+ 33. Ke2 Qxf2+ 34. Kd1 Qf3+ 35. Kc2 Nf2 36. Qe1 Nxd3 37. Kxd3 Qxh3 38. Qf1 Qg3 39. Qg2 f5 40. Qxg3 Bxg3 41. Rc1 b5 42. a5 fxe4+ 43. Kxe4 Rf4+ 44. Kd3 e4+ 45. Kd4 Bf2 46. Rh1 g5 47. Be1 Bxe1 48. Rxe1 Kf7 49. Ng2 Rf2 50. Ne3 Kg6 51. Kxe4 Rf4+ 52. Kd3 Rxb4 53. Nf1 Rf4 54. Nh2 Rf2 55. Re6+ Kf5 56. Rxd6 Rxh2 57. Rxa6 Ra2 58. Ra8 Ke5 59. Rg8 Ra3+ 60. Kc2 Rxa5 61. Rxg5+ Kd6 62. Rg6+ Kxd5 63. Rg5+ Ke6 64. Rh5 Ra2+ 65. Kd1 Ra1+ 66. Kc2 Rh1 67. Rxb5 Kf6 68. Rh5 Kg6 69. Rh8 Kg5 70. Kd2 Kf4 71. Ke2 Kg3 72. Rg8+ Kh2 73. Rh8 h3 74. Kf2 Ra1 75. Rg8 Ra2+ 76. Kf1 Rg2 77. Rh8 Rg6 78. Rf8 1/2-1/2

[Event "7 Open Genova"]
[Site "Genova"]
[Date "2003.08.06"]
[Round "6"]
[White "Godena, Michele"]
[Black "Milov, Vadim"]
[Result "1/2-1/2"]
[WhiteElo "2517"]
[BlackElo "2595"]
[PlyCount "104"]
[EventDate "2003.08.02"]
[Source "Roberto Alvarez"]
[SourceDate "2003.08.18"]

1. e4 d6 2. d4 g6 3. Nf3 Bg7 4. c3 Nf6 5. Bd3 O-O 6. O-O Nc6 7. Re1 e5 8. h3 h6 9. Na3 Nh5 10. Bb5 Bd7 11. dxe5 dxe5 12. Nc4 Re8 13. Na5 Nxa5 14. Bxd7 Re7 15. Bb5 a6 16. Qxd8+ Rxd8 17. Bf1 Nf4 18. b4 Nc6 19. Be3 Red7 20. b5 axb5 21. Bxb5 Nd3 22. Red1 Rd6 23. Ne1 Nxe1 24. Rxd6 Rxd6 25. Rxe1 b6 26. Ba4 Na5 27. Rd1 Nc4 28. Rxd6 Nxd6 29. Bc6 Bf8 30. Kf1 Kg7 31. Ke2 Be7 32. f3 Bg5 33. Bf2 Nc4 34. Kd3 Na5 35. Bd5 Be7 36. a4 Bd6 37. Be1 f5 38. exf5 gxf5 39. g4 Kg6 40. gxf5+ Kxf5 41. Bd2 h5 42. h4 Be7 43. Be1 Kf6 44. Bf2 Bd8 45. Bg3 c6 46. Be4 Bc7 47. Bf2 Bd8 48. c4 Kf7 49. Kc3 Kg7 50. Bg3 Bc7 51. Bf2 Bd8 52. Bg3 Bc7 1/2-1/2

[Event "Dresden ZMD op"]
[Site "?"]
[Date "2003.08.01"]
[Round "8"]
[White "Slobodjan Roman"]
[Black "Iordachescu Viorel"]
[Result "1-0"]
[WhiteElo "2505"]
[BlackElo "2606"]
[PlyCount "81"]
[EventDate "2003.??.??"]
[Source "www.chesslib.no"]
[SourceDate "2004.05.04"]

1. e4 g6 2. d4 Bg7 3. Nf3 d6 4. c3 Nf6 5. Bd3 O-O 6. O-O Nbd7 7. Re1 e5 8. Nbd2 b6 9. Nf1 Bb7 10. Ng3 Re8 11. d5 c6 12. c4 Nc5 13. Bf1 a5 14. b3 Qd7 15. Rb1 b5 16. Bg5 b4 17. Qd2 Ra6 18. h3 Bc8 19. Nh2 Qc7 20. Bd3 Nxd3 21. Qxd3 h6 22. Bxf6 Bxf6 23. dxc6 Qxc6 24. Ngf1 Bg7 25. Ne3 f5 26. Nd5 Ra7 27. exf5 gxf5 28. f4 Qc5+ 29. Kh1 Be6 30. Rbd1 e4 31. Qe2 Kh7 32. Nf1 Rf7 33. Nfe3 Ref8 34. g4 fxg4 35. hxg4 Bd4 36. Qc2 Bxe3 37. Qxe4+ Bf5 38. gxf5 Bf2 39. Re2 Bh4 40. f6+ Kh8 41. Rh2 1-0

[Event "Pamplona 9798"]
[Site "Pamplona"]
[Date "1998.??.??"]
[Round "9"]
[White "Magem Badals, Jordi"]
[Black "Strikovic, Aleksa"]
[Result "1/2-1/2"]
[WhiteElo "2550"]
[BlackElo "2560"]
[PlyCount "57"]
[EventDate "1997.12.28"]
[Source "ChessBase"]
[SourceDate "1998.04.09"]

1. e4 g6 2. d4 Bg7 3. Nf3 d6 4. c3 Nf6 5. Bd3 O-O 6. O-O Nc6 7. Re1 e5 8. h3 Re8 9. Na3 exd4 10. cxd4 d5 11. e5 Ne4 12. Bf4 f5 13. exf6 Qxf6 14. Qb3 Be6 15. Qxb7 Nxd4 16. Nxd4 Qxd4 17. Bxe4 dxe4 18. Nb5 Qxb2 19. Rab1 Qf6 20. Nxc7 Qxf4 21. Nxe6 Qe5 22. Nc7 Rab8 23. Qxa7 Rxb1 24. Rxb1 Rd8 25. Rb8 Qa1+ 26. Kh2 Qd1 27. Rxd8+ Qxd8 28. g3 Bd4 29. Ne6 1/2-1/2

[Event "HZ Open"]
[Site "Vlissingen OLA"]
[Date "2007.08.11"]
[Round "9"]
[White "Tiviakov, S."]
[Black "Delemarre, J."]
[Result "1-0"]
[WhiteElo "2648"]
[BlackElo "2457"]
[PlyCount "85"]
[EventDate "2007.08.04"]
[Source "www.chesslib.no"]
[SourceDate "2004.05.04"]

1. e4 g6 2. d4 Bg7 3. c3 d6 4. Nf3 Nf6 5. Bd3 O-O 6. O-O c5 7. dxc5 dxc5 8. Qe2 Nc6 9. h3 Qc7 10. e5 Nd7 11. e6 Nde5 12. exf7+ Rxf7 13. Be4 Nxf3+ 14. Bxf3 Ne5 15. Bd5 e6 16. Be4 Rb8 17. Bg5 b5 18. Bh4 Bh6 19. Rd1 Bd7 20. Nd2 b4 21. Bg3 bxc3 22. bxc3 Bf4 23. Bxf4 Rxf4 24. Qe3 Nf7 25. Rab1 Rb5 26. Rxb5 Bxb5 27. Rb1 Ba6 28. Nb3 c4 29. Nc5 Bc8 30. Bb7 Rf5 31. Na6 Qxb7 32. Rxb7 Bxb7 33. Qxa7 Be4 34. Nc5 Bd5 35. Nd7 h5 36. a4 Bc6 37. Qb8+ Kg7 38. Qf8+ Kh7 39. Nc5 Bd5 40. Qe7 e5 41. a5 e4 42. a6 Re5 43. Qd7 1-0

[Event "Kostic mem"]
[Site "?"]
[Date "1977.??.??"]
[Round "9"]
[White "Kurajica Bojan"]
[Black "Smejkal Jan"]
[Result "1/2-1/2"]
[WhiteElo "2530"]
[BlackElo "2575"]
[PlyCount "24"]
[EventDate "1977.??.??"]
[Source "www.chesslib.no"]
[SourceDate "2004.05.04"]

1. d4 g6 2. e4 Bg7 3. Nf3 d6 4. c3 Nf6 5. Nbd2 O-O 6. Bc4 Nc6 7. O-O e5 8. dxe5 Nxe5 9. Nxe5 dxe5 10. Qc2 Qe7 11. a4 Be6 12. b3 Rfd8 1/2-1/2

[Event "67th ch-GEO KO"]
[Site "Tbilisi GEO"]
[Date "2008.03.23"]
[Round "3.6"]
[White "Supatashvili, K."]
[Black "Mchedlishvili, M."]
[Result "0-1"]
[WhiteElo "2466"]
[BlackElo "2635"]
[PlyCount "40"]
[EventDate "2008.03.15"]
[Source "www.chesslib.no"]
[SourceDate "2004.05.04"]

1. d4 g6 2. Nf3 Bg7 3. e4 d6 4. c3 Nf6 5. Bd3 O-O 6. O-O Nbd7 7. e5 dxe5 8. dxe5 Nd5 9. e6 fxe6 10. Re1 Nc5 11. Bf1 b6 12. Na3 Bb7 13. Nc2 Qd6 14. Ncd4 e5 15. Nb5 Qf6 16. Bg5 Qf7 17. c4 Nf4 18. Bxf4 Qxf4 19. Nxc7 Rad8 20. Qc2 e4 0-1

[Event "Israel (ch)"]
[Site "?"]
[Date "1996.??.??"]
[Round "?"]
[White "Yudasin, L."]
[Black "Finkel, A."]
[Result "1-0"]
[WhiteElo "2595"]
[BlackElo "2505"]
[PlyCount "81"]
[EventDate "1996.??.??"]
[Source "ChessBase"]
[SourceDate "1996.10.01"]

1. e4 g6 2. d4 Bg7 3. Nf3 d6 4. c3 Nf6 5. Bd3 O-O 6. O-O Nc6 7. Re1 e5 8. h3 Re8 9. d5 Nb8 10. c4 a5 11. Nc3 Na6 12. a3 Nh5 13. b4 Nf4 14. Bc2 Bd7 15. Rb1 Qc8 16. Ne2 Nxe2+ 17. Rxe2 axb4 18. axb4 Bf8 19. Be3 c5 20. dxc6 bxc6 21. b5 cxb5 22. cxb5 Nc5 23. Bxc5 dxc5 24. Rd2 Be6 25. b6 Qb7 26. Ba4 Reb8 27. Ng5 Bh6 28. Nxe6 Bxd2 29. Nxc5 Qc8 30. Nd7 Ba5 31. Qd6 Rb7 32. Bc6 Rxd7 33. Qxd7 Qxd7 34. Bxd7 Rb8 35. b7 Kf8 36. Bc8 Ke7 37. Rd1 Bb6 38. Rd7+ Ke8 39. Kf1 h5 40. Ke2 Ba7 41. f3 1-0

[Event "RUS-Cup02"]
[Site "Moscow"]
[Date "1998.??.??"]
[Round "8"]
[White "Fedorov, Alexei"]
[Black "Rashkovsky, Nukhim N"]
[Result "1/2-1/2"]
[WhiteElo "2595"]
[BlackElo "2505"]
[PlyCount "61"]
[EventDate "1998.01.21"]
[Source "ChessBase"]
[SourceDate "1998.04.09"]

1. e4 g6 2. d4 Bg7 3. c3 d6 4. Nf3 Nf6 5. Bd3 O-O 6. O-O Nc6 7. d5 Nb8 8. c4 e5 9. Nc3 h6 10. Rb1 Nh5 11. Re1 Nf4 12. Bf1 g5 13. b4 f5 14. Nd2 fxe4 15. Ndxe4 Bf5 16. c5 Nd7 17. g3 Ng6 18. Ba3 Nf6 19. Rc1 Nxe4 20. Nxe4 Ne7 21. Bg2 Bg6 22. Bb2 Nf5 23. a4 Nd4 24. a5 Kh8 25. Rc3 Qd7 26. h3 Rf7 27. Rce3 Raf8 28. Rf1 a6 29. Bc3 Nf5 30. Rf3 Bh5 31. g4 1/2-1/2

[Event "ITA-chT"]
[Site "?"]
[Date "2000.05.??"]
[Round "2"]
[White "Godena Michele"]
[Black "Delchev Aleksander"]
[Result "0-1"]
[WhiteElo "2540"]
[BlackElo "2560"]
[PlyCount "98"]
[EventDate "2000.??.??"]
[Source "www.chesslib.no"]
[SourceDate "2004.05.04"]

1. e4 g6 2. d4 Bg7 3. c3 d6 4. Nf3 Nf6 5. Bd3 O-O 6. O-O Nc6 7. Re1 e5 8. h3 h6 9. Na3 Bd7 10. Bd2 Nh5 11. Nc2 a5 12. a4 Kh7 13. Bb5 Re8 14. Rc1 Nf6 15. Bd3 Re7 16. Na3 exd4 17. cxd4 Nb4 18. Bb1 d5 19. e5 Ne4 20. Bxe4 dxe4 21. Rxe4 Bc6 22. Rh4 Rd7 23. g3 Bd5 24. Nb5 Nc6 25. Be3 Ne7 26. e6 fxe6 27. Bxh6 Nf5 28. Bg5+ Nxh4 29. Bxh4 Bxf3 30. Qxf3 g5 31. Qh5+ Bh6 32. Re1 Ra6 33. d5 Rxd5 34. Qf7+ Kh8 35. Nxc7 gxh4 36. Nxa6 Rd1 37. Rxd1 Qxd1+ 38. Kh2 hxg3+ 39. Kxg3 Qd6+ 40. f4 bxa6 41. Qf6+ Bg7 42. Qg6 Qd5 43. Qc2 Qf5 44. Qc8+ Kh7 45. Qxa6 Bxb2 46. Qb7+ Bg7 47. Qd7 Qd5 48. Qf7 Qd3+ 49. Kh4 Qg6 0-1

[Event "Campionato europeo 2007"]
[Site "Dresda GER"]
[Date "2007.04.12"]
[Round "9.93"]
[White "Urban, Klaudiusz"]
[Black "Azmaiparashvili, Zurab"]
[Result "0-1"]
[WhiteElo "2464"]
[BlackElo "2632"]
[PlyCount "72"]
[EventDate "2007.04.03"]
[Source "www.chesslib.no"]
[SourceDate "2004.05.04"]

1. Nf3 g6 2. d4 Bg7 3. e4 d6 4. c3 Nf6 5. Bd3 O-O 6. O-O Nc6 7. d5 Nb8 8. Re1 Nbd7 9. c4 Nc5 10. Bc2 Nfd7 11. Nbd2 a5 12. Rb1 e5 13. dxe6 fxe6 14. b3 e5 15. a3 Ne6 16. b4 g5 17. Rf1 g4 18. Ne1 Qh4 19. c5 axb4 20. cxd6 bxa3 21. dxc7 Ndc5 22. Nb3 Qe7 23. Ra1 Nxb3 24. Bxb3 Kh8 25. Nc2 Qxc7 26. Rxa3 Rxa3 27. Bxa3 Rd8 28. Qb1 Nf4 29. Ne3 g3 30. fxg3 Qc6 31. Kh1 Rd3 32. Qc1 Bd7 33. Bc5 Qxe4 34. gxf4 b6 35. Nd5 bxc5 36. Qa1 Qa4 0-1

[Event "Brno"]
[Site "Brno"]
[Date "1993.??.??"]
[Round "9"]
[White "Schlosser, Philipp"]
[Black "Stohl, Igor"]
[Result "1/2-1/2"]
[WhiteElo "2550"]
[BlackElo "2545"]
[PlyCount "35"]
[EventDate "1993.08.??"]
[Source "ChessBase"]

1. Nf3 g6 2. e4 Bg7 3. d4 d6 4. c3 Nf6 5. Bd3 O-O 6. O-O Nc6 7. Re1 Nd7 8. Nbd2 e5 9. Nb3 Kh8 10. Qc2 a5 11. a4 exd4 12. Nbxd4 Nce5 13. Bf1 Nc5 14. Be3 Ng4 15. Bf4 Bd7 16. b3 Ne5 17. Bg5 Bf6 18. Be3 1/2-1/2

[Event "Petrov mem"]
[Site "St Petersburg"]
[Date "1996.??.??"]
[Round "6"]
[White "Vyzmanavin, Alexey"]
[Black "Balashov, Yuri S"]
[Result "1/2-1/2"]
[WhiteElo "2610"]
[BlackElo "2480"]
[PlyCount "94"]
[EventDate "1996.02.??"]
[Source "ChessBase"]

1. d4 d6 2. Nf3 g6 3. e4 Bg7 4. c3 Nf6 5. Bd3 O-O 6. O-O Nc6 7. Re1 e5 8. Bg5 h6 9. Bh4 Bg4 10. d5 Ne7 11. h3 Bd7 12. c4 Nh5 13. Nc3 Nf4 14. Bf1 g5 15. Bg3 Neg6 16. Nd2 g4 17. hxg4 Qg5 18. Nf3 Qxg4 19. Nh4 Qg5 20. Nf3 Qf6 21. Nd2 h5 22. c5 h4 23. Bh2 dxc5 24. Nc4 Qg5 25. Kh1 Nh5 26. Qd2 Qxd2 27. Nxd2 Bh6 28. Nc4 f6 29. a4 a6 30. a5 Rfd8 31. d6 cxd6 32. Nxd6 Bc6 33. Red1 Kh7 34. Be2 Nhf4 35. Bc4 Rd7 36. Nf5 Rad8 37. Rxd7+ Rxd7 38. f3 Ne7 39. Nxh6 Kxh6 40. Rd1 Rxd1+ 41. Nxd1 Bb5 42. Bxf4+ exf4 43. Bd5 Bc6 44. Be6 f5 45. exf5 Kg5 46. Nf2 Nxf5 47. Nd3 h3 1/2-1/2

[Event "Sevilla op"]
[Site "?"]
[Date "1999.??.??"]
[Round "5"]
[White "Magem Badals Jordi"]
[Black "Strikovic Aleksa"]
[Result "1/2-1/2"]
[WhiteElo "2540"]
[BlackElo "2550"]
[PlyCount "25"]
[EventDate "1999.??.??"]
[Source "www.chesslib.no"]
[SourceDate "2004.05.04"]

1. e4 g6 2. d4 Bg7 3. Nf3 d6 4. c3 Nf6 5. Bd3 O-O 6. O-O Nbd7 7. Re1 e5 8. Bg5 h6 9. Bh4 Qe8 10. Nbd2 Nh5 11. a4 a5 12. Qc2 Nb6 13. dxe5 1/2-1/2